000 01482ngm a22004330a 4500
001 PT47371
003 AR-LpoUNG
005 20210202000019.0
007 vd cvaizq
008 191001s2004||||sp |||||||||||||||||spa d
037 _c$2,50
040 _aAR-LpoUNG
_bspa
_cAR-LpoUNG
_eaacr
041 _aspa
044 _asp
082 0 _a972.910 64 542v3
100 1 _aDíaz Torres, Daniel
_edir.
245 1 3 _aLa revolución cubana :
_blos cuatro años que estremecieron al mundo
260 _as.l. :
_bICAIC - Gran Vía Musical,
_c2004.
300 _aDVD (191 min.) : son., byn, col.
520 _aEn cuatro años, el tiempo que dura una administración norteamericana, un pequeño país que comienza una Revolución es sometido a centenares de actos de sabotaje, a una invasión a gran escala, a un bloqueo económico y se coloca en el vórtice de un posible holocausto nuclear. Ésta es la crónica, en elocuentes imágenes, de los cuatro años que estremecieron al mundo.
650 4 _aANALISIS HISTORICO
650 4 _aCUBA
650 4 _aCULTURA
650 4 _aECONOMIA
650 4 _aESTADOS UNIDOS
650 4 _aGUERRA
650 4 _aHISTORIA
650 4 _aPOLITICA
650 4 _aREVOLUCION
650 4 _aSOCIEDAD
651 4 _aCuba
653 _aCINE CUBANO
653 _aDOCUMENTALES
653 _aDVD
653 _aVIDEOS
710 2 _aInstituto Cubano del Arte e Industria Cinematográficos (La Habana)
905 _a47371
942 _cDVD
999 _c53961
_d53961